00309nam a2200121Ia 4500008004100000041000800041082001400049100001700063245005900080260002600139300000800165500001400173230725s1999 xx 000 0 und d aeng a615.1/PIL aK. K. Pillai aEXPERIMENTAL PHARMACOLOGYbPHARMACOLOGY AND TOXICOLOGY bCBS Publicationc1999 a124 aTEXT BOOK